000 00636nam a2200217Ia 4500
003 OSt
005 20250926103958.0
008 220923b |||||||| |||| 00| 0 eng d
037 _cReference
040 _aRTL
_cRTL
_beng
041 _2eng
_aeng
084 _aR13, M1/SC
_qRTL
100 _aKharin, Yu.A.
_9350368
245 0 _aFundamentals of dialectics
260 _c1981
300 _a256 p.
_ccm.
_bIncludes bibliographical references and index.
700 _a Kostrov K
_9350369
_dTranslator.
700 _a Wason Armorer Ed.
_9350370
_eEditor.
942 _hR13, M1/SC
_cREF
_2CC
_n0
999 _c677969
_d677969